| 000 | 00341nam a22001217a 4500 | ||
|---|---|---|---|
| 008 | 160422b xxu||||| |||| 00| 0 eng d | ||
| 020 | _a-9780815153016///// | ||
| 020 | _a0815153015 | ||
| 041 | _aeng | ||
| 080 | _a618.2 | ||
| 245 |
_aEdical surgical nursing; _cSharon Mantik Lewis; Idolia Cox Collier; Margaret M.Heitkemper; |
||
| 942 |
_2udc _cBK |
||
| 999 |
_c1513 _d1513 |
||